00923cam a2200241 a 4500001000500000005001700005020001800022040002300040050001900063082001000082100001600092245007100108260003400179300005200213505000900265520024200274521002300516521002000539650002700559650002200586650003100608700004200639238720231204112743.0 a9780439779364 aDLCcDLCdDLCbeng00aPZ7.P173b199900a398.81 aPak, Soyung10aDear Juno /cby Soyung Pak ; illustrated by Susan Kathleen Hartung bScholastic,aNew York :c1999 a29 unnumbered pagesbColor illustrationsc21 cm aJ  aAlthough Juno, a Korean American boy, cannot read the letter he receives from his grandmother in Seoul, he understands what it means from the photograph and dried flower that are enclosed and decides to send a similar letter back to her. a500 AD bLexile  aJ bRaz-Plus  1aGrandmothersxFiction. 1aLettersxFiction. 1aKorean AmericansxFiction.1 aHartung, Susan Kathleeneillustrator